[Event "ESP-chT CECLUB Div2"]
[Site "Linares"]
[Date "2019.08.20"]
[Round "2.1"]
[White "Iruzubieta Villaluenga, Jesus Maria"]
[Black "Perez Gonzalez, Jose Manuel"]
[Result "1-0"]
[WhiteElo "2438"]
[BlackElo "2218"]
[PlyCount "87"]
[EventDate "2019.08.19"]
[EventType "team-swiss"]
[EventRounds "7"]
[EventCountry "ESP"]
[SourceTitle "EXT 2020"]
[Source "ChessBase"]
[SourceDate "2019.10.17"]
[SourceVersion "1"]
[SourceVersionDate "2019.10.17"]
[SourceQuality "1"]
[WhiteTeam "Sestao"]
[BlackTeam "Liberty Chess"]
[WhiteTeamCountry "ESP"]
[BlackTeamCountry "ESP"]

1. e4 d6 2. d4 Nf6 3. Nc3 g6 4. Bg5 c6 5. Qd2 Nbd7 6. f4 d5 7. e5 Ne4 8. Nxe4 dxe4 9. Ne2 f6 10. Bh4 Bh6 11. Nc3 fxe5 12. dxe5 e3 13. Qxe3 Qb6 14. Qxb6 axb6 15. g3 Nxe5 16. Be2 Ng4 17. Kd2 Bf5 18. Rae1 0-0-0+ 19. Kc1 Nf6 20. Bc4 Rd7 21. Be6 Bxe6 22. Rxe6 Rf8 23. Rhe1 Rf7 24. Bxf6 exf6 25. Ne4 Rfe7 26. Nxf6 Rxe6 27. Rxe6 Rf7 28. h4 Bf8 29. Nxh7 Rxh7 30. Re8+ Kd7 31. Rxf8 Ke7 32. Rb8 Kf6 33. Re8 Rd7 34. a4 Rd5 35. Re5 Rd4 36. b3 c5 37. h5 gxh5 38. Rxh5 Kg6 39. Rh8 c4 40. Rb8 cxb3 41. cxb3 Rd7 42. Kc2 Kf5 43. Kc3 Rg7 44. Kb4 1-0

[Event "Almansa op-A 14th"]
[Site "Almansa"]
[Date "2019.08.08"]
[Round "3"]
[White "Sanchez Jerez, Emilio Miguel"]
[Black "Perez Gonzalez, Jose Manuel"]
[Result "1-0"]
[WhiteElo "2141"]
[BlackElo "2218"]
[PlyCount "99"]
[EventDate "2019.08.07"]
[EventType "swiss"]
[EventRounds "7"]
[EventCountry "ESP"]
[SourceTitle "EXT 2022"]
[Source "ChessBase"]
[SourceDate "2021.10.06"]
[SourceVersion "1"]
[SourceVersionDate "2021.10.06"]
[SourceQuality "1"]

1. d4 g6 2. Nc3 Nf6 3. e4 d6 4. f4 Bg7 5. a3 0-0 6. Nf3 c5 7. dxc5 dxc5 8. Qxd8 Rxd8 9. e5 Nd5 10. Nxd5 Rxd5 11. Bc4 Rd8 12. Ng5 e6 13. Be3 b6 14. b4 cxb4 15. axb4 Bb7 16. Kf2 Nc6 17. b5 Na5 18. Bd3 Rac8 19. Ne4 Bf8 20. h4 Bxe4 21. Bxe4 Bc5 22. Bxc5 Rxc5 23. Bd3 Nb3 24. Rxa7 Nd4 25. Rha1 Nxb5 26. Ra8 Rxa8 27. Rxa8+ Kg7 28. c4 Nd4 29. Ke3 Nf5+ 30. Bxf5 gxf5 31. Kd4 h5 32. Rb8 Rc6 33. g3 Kh7 34. Rb7 Kg7 35. Rb8 Kh7 36. Rd8 Rc7 37. Rb8 Rc6 38. Kc3 Kg7 39. Kb4 f6 40. Kc3 fxe5 41. fxe5 Kg6 42. Kd4 f4 43. gxf4 Kf5 44. Rf8+ Kg4 45. Rf6 Kxh4 46. f5 Kg5 47. fxe6 Rc8 48. Kd5 h4 49. e7 Re8 50. Kd6 1-0

[Event "Tres Cantos op 11th"]
[Site "Tres Cantos"]
[Date "2019.06.24"]
[Round "3"]
[White "Guerrero Vargas, Andres Jesus"]
[Black "Perez Gonzalez, Jose Manuel"]
[Result "1/2-1/2"]
[WhiteElo "2331"]
[BlackElo "2217"]
[PlyCount "45"]
[EventDate "2019.06.22"]
[EventType "swiss"]
[EventRounds "9"]
[EventCountry "ESP"]
[SourceTitle "CBM 195 Extra"]
[Source "ChessBase"]
[SourceDate "2020.05.31"]
[SourceVersion "1"]
[SourceVersionDate "2020.05.31"]
[SourceQuality "1"]

1. Nf3 g6 2. g3 Bg7 3. Bg2 Nf6 4. 0-0 0-0 5. c4 d6 6. d4 Nc6 7. Nc3 a6 8. b3 Rb8 9. d5 Na5 10. Bg5 c5 11. dxc6 Nxc6 12. Rc1 h6 13. Bd2 Be6 14. Ne1 Ne5 15. Nc2 b5 16. cxb5 axb5 17. Nb4 Qb6 18. Ncd5 Nxd5 19. Nxd5 Bxd5 20. Bxd5 Rfc8 21. Be3 Qa6 22. Qd2 Ng4 23. b4 1/2-1/2

[Event "Madrid-ch final"]
[Site "Madrid"]
[Date "2019.05.31"]
[Round "7"]
[White "Almagro Llamas, Pablo"]
[Black "Perez Gonzalez, Jose Manuel"]
[Result "1/2-1/2"]
[WhiteElo "2458"]
[BlackElo "2228"]
[PlyCount "91"]
[EventDate "2019.05.25"]
[EventType "swiss"]
[EventRounds "7"]
[EventCountry "ESP"]
[SourceTitle "CBM 190 Extra"]
[Source "ChessBase"]
[SourceDate "2019.07.15"]
[SourceVersion "1"]
[SourceVersionDate "2019.07.15"]
[SourceQuality "1"]

1. Nf3 c5 2. g3 g6 3. Bg2 Bg7 4. 0-0 Nc6 5. d3 d6 6. Nbd2 Nf6 7. e4 Rb8 8. a4 a6 9. Nb3 Bg4 10. h3 Bxf3 11. Qxf3 Nd4 12. Nxd4 cxd4 13. Bd2 0-0 14. a5 Rc8 15. c4 Nd7 16. b4 Rc7 17. Qe2 e6 18. h4 h5 19. Rae1 Ne5 20. Bf4 Qe7 21. Bh3 Kh7 22. Bd2 Nd7 23. f4 Re8 24. Qf2 Qf8 25. Re2 Qh8 26. Qf3 Bh6 27. Rh2 Nf6 28. Re1 e5 29. Rf1 Ng8 30. Rhf2 Qf6 31. Qe2 exf4 32. Bxf4 Bxf4 33. Rxf4 Qg7 34. Qf2 Nh6 35. Kh2 Qe5 36. Qd2 Kg7 37. Rf6 Ng8 38. R6f3 Nh6 39. Kg2 Rb8 40. Ra1 Ng8 41. Rf2 Ne7 42. Qf4 Nc6 43. b5 axb5 44. cxb5 Qxb5 45. Qf6+ Kh7 46. Qxd6 1/2-1/2

[Event "Madrid-ch final"]
[Site "Madrid"]
[Date "2019.05.30"]
[Round "6"]
[White "Perez Gonzalez, Jose Manuel"]
[Black "Yanez Rodriguez, Wilbert"]
[Result "1-0"]
[WhiteElo "2228"]
[BlackElo "2217"]
[PlyCount "51"]
[EventDate "2019.05.25"]
[EventType "swiss"]
[EventRounds "7"]
[EventCountry "ESP"]
[SourceTitle "CBM 190 Extra"]
[Source "ChessBase"]
[SourceDate "2019.07.15"]
[SourceVersion "1"]
[SourceVersionDate "2019.07.15"]
[SourceQuality "1"]

1. e4 c5 2. Nf3 g6 3. d4 cxd4 4. Nxd4 Bg7 5. Nc3 Nc6 6. Be3 Nf6 7. Bc4 0-0 8. Bb3 a5 9. f3 d6 10. Qd2 Bd7 11. a4 Rc8 12. h4 h5 13. 0-0-0 Ne5 14. Bh6 Nc4 15. Bxc4 Rxc4 16. Bxg7 Kxg7 17. b3 Rc5 18. Rhe1 Re8 19. f4 Qb8 20. Re3 Bg4 21. Rde1 e5 22. Ndb5 exf4 23. Rd3 Re6 24. Nxd6 Rxd6 25. Rxd6 Rxc3 26. e5 1-0

[Event "Madrid-ch final"]
[Site "Madrid"]
[Date "2019.05.26"]
[Round "2"]
[White "Perez Gonzalez, Jose Manuel"]
[Black "Robles Diaz, Jose Alberto"]
[Result "1/2-1/2"]
[WhiteElo "2228"]
[BlackElo "2044"]
[PlyCount "51"]
[EventDate "2019.05.25"]
[EventType "swiss"]
[EventRounds "7"]
[EventCountry "ESP"]
[SourceTitle "CBM 190 Extra"]
[Source "ChessBase"]
[SourceDate "2019.07.15"]
[SourceVersion "1"]
[SourceVersionDate "2019.07.15"]
[SourceQuality "1"]

1. e4 c5 2. Nf3 e6 3. d4 cxd4 4. Nxd4 Nf6 5. Nc3 d6 6. Bc4 a6 7. 0-0 Qc7 8. Bb3 Be7 9. f4 0-0 10. f5 e5 11. Nde2 Nbd7 12. Bg5 b5 13. Ng3 Bb7 14. Nh5 Rac8 15. Bxf6 Nxf6 16. Nxf6+ Bxf6 17. Bd5 Bxd5 18. Nxd5 Qxc2 19. Qg4 Kh8 20. Rf2 Qc5 21. Nxf6 gxf6 22. Qh4 Kg7 23. Re1 Qd4 24. Kh1 Rg8 25. h3 Kf8 26. Qh6+ 1/2-1/2